000 00729nam a2200229 a 4500
008 951213s1978||||[C 0 slo c
020 _c25 Kčs.
_q(12850 výtl.)
040 _aSNK
_bslo
_cSNK
_eAACR2
041 1 _aslo
_hcze
044 _axo
_cSK
080 _a372.874(075.2)
100 1 _aVoseček, Ján
_4aut
245 1 0 _aVýtvarná výchova v 1. a 2. ročníku
_cJán Voseček, Vladimír Poupa, Miloslava Hellerová ; Anton Macko
250 _a1., vyd.
260 _aBratislava
_bSPN
_c1978
_eLiberec
_fSeverografia
300 _a123 s., 11,10 AH
_bTb.
_c25 cm
500 _aIlustr. na tit. liste.
700 1 _aPoupa, Vladimír
_4aut
700 1 _aHellerová, Miloslava
_4aut
700 1 _aMacko, Anton
_4trl
958 _aA
999 _c14888
_d14888